00888 2200181 4500001002100000005001500021035002000036245005800056100000900114250001000123300003300133260004200166082001000208084001600218020002100234650001600255520043500271INLIS00000000000002920210201113354 a0010-02210000021 aPercakapan Bahasa Arab Sehari-hari /cMuiz al Bantani0 aMuiz acet.2 a150hal. :bilus. ;c13x19 cm aTangerang Selatan :bCemerlang,c2019 a492.7 a492.7 MUI p a978-602-51766-16 4aPengetahuan aSalah satu cara efektif dalam menguasai percakapan bahasa Arab adalah melalui latihan melakukan percakapan. Namun, bukan sembarang percakapan. Percakapan yang baik untuk digunakan sebagai latihan, adalah percakapan yang bersifat tematik. Dengan begitu, kita dapat mengakuisisi bahasa Arab dengan baik. Buku ini disusun untuk membantu siapa saja yang sedang belajar bahasa Arab untuk berlatih melakukan percakap[an secara tematik.